[Event "BEL-chT 1415"]
[Site "Belgium"]
[Date "2015.03.15"]
[Round "10.6"]
[White "Barbarossa, Frederic"]
[Black "Noiroux, Kevin"]
[Result "0-1"]
[WhiteElo "1643"]
[BlackElo "2214"]
[PlyCount "90"]
[EventDate "2014.09.28"]
[EventType "team-swiss"]
[EventRounds "11"]
[EventCountry "BEL"]
[SourceTitle "EXT 2016"]
[Source "ChessBase"]
[SourceDate "2015.10.08"]
[SourceVersion "1"]
[SourceVersionDate "2015.10.08"]
[SourceQuality "1"]
[WhiteTeam "Fontaine"]
[BlackTeam "Amay"]
[WhiteTeamCountry "BEL"]
[BlackTeamCountry "BEL"]

1. e4 e6 2. d4 d5 3. Nd2 c5 4. c3 Nc6 5. Ne2 cxd4 6. cxd4 dxe4 7. Nxe4 Nf6 8. Nxf6+ Qxf6 9. Be3 Bb4+ 10. Nc3 0-0 11. a3 Ba5 12. Bb5 Rd8 13. Bxc6 bxc6 14. 0-0 Bb6 15. Qa4 Bd7 16. Ne4 Qh4 17. Qc2 h6 18. b4 e5 19. Nc5 exd4 20. g3 Qf6 21. Nxd7 Rxd7 22. Bd2 d3 23. Qc3 Bd4 24. Qc1 Bxa1 25. Qxa1 Qxa1 26. Rxa1 Re8 27. Be3 g5 28. Rd1 f5 29. Bc1 Rd4 30. Kg2 Re2 31. Kf1 Ra2 32. Ke1 Re4+ 33. Kf1 Ree2 34. Rxd3 Rxf2+ 35. Kg1 Rg2+ 36. Kh1 Rge2 37. Rd1 Rxh2+ 38. Kg1 Rag2+ 39. Kf1 Rxg3 40. Rd8+ Kf7 41. Rd6 Rc3 42. Bd2 Rc2 43. Ke1 Rcxd2 44. Rxd2 Rxd2 45. Kxd2 Ke6 0-1

[Event "BEL-chT 1112"]
[Site "Belgium"]
[Date "2012.02.12"]
[Round "8.8"]
[White "Barbarossa, Frederic"]
[Black "Vanheirzeele, Daniel"]
[Result "1/2-1/2"]
[WhiteElo "1602"]
[BlackElo "2161"]
[PlyCount "54"]
[EventDate "2011.10.09"]
[EventType "team-tourn"]
[EventRounds "11"]
[EventCountry "BEL"]
[SourceTitle "EXT 2013"]
[Source "ChessBase"]
[SourceDate "2012.11.22"]
[SourceVersion "1"]
[SourceVersionDate "2012.11.22"]
[SourceQuality "1"]
[WhiteTeam "Fontaine"]
[BlackTeam "Gand"]
[WhiteTeamCountry "BEL"]
[BlackTeamCountry "BEL"]

1. e4 c5 2. Nf3 d6 3. d4 cxd4 4. Nxd4 Nf6 5. Nc3 g6 6. Be3 a6 7. f3 b5 8. Qd2 Bb7 9. 0-0-0 Nbd7 10. g4 Bg7 11. h4 h5 12. g5 Nh7 13. Nd5 0-0 14. Bh3 Nc5 15. Rhf1 e6 16. Nb4 Qc7 17. Ne2 Rfd8 18. Bf4 Na4 19. Nd3 a5 20. Be3 b4 21. Nd4 e5 22. Nb3 d5 23. Qg2 d4 24. Bg1 Nf8 25. Bh2 Ne6 26. Bxe6 fxe6 27. f4 Rac8 1/2-1/2

[Event "BEL FEFB-ch op"]
[Site "Fontaine l'Eveque"]
[Date "2009.06.01"]
[Round "7"]
[White "Peeters, Simonne"]
[Black "Barbarossa, Frederic"]
[Result "1-0"]
[WhiteElo "1781"]
[BlackElo "1500"]
[PlyCount "79"]
[EventDate "2009.05.29"]
[EventType "swiss"]
[EventRounds "7"]
[EventCountry "BEL"]
[SourceTitle "EXT 2012"]
[Source "ChessBase"]
[SourceDate "2011.11.24"]
[SourceVersion "1"]
[SourceVersionDate "2011.11.24"]
[SourceQuality "1"]

1. d4 d5 2. Nf3 Nf6 3. e3 e6 4. c4 c5 5. Nc3 a6 6. Be2 Bd6 7. 0-0 Nbd7 8. dxc5 Nxc5 9. cxd5 Nxd5 10. Nxd5 exd5 11. g3 Be6 12. b3 0-0 13. Bb2 Ne4 14. Rc1 Qa5 15. a4 Rac8 16. Qd4 f6 17. Rfd1 Bc5 18. Qd3 Bb4 19. Nd4 Bf7 20. Bf3 Bg6 21. Qe2 Nc3 22. Bxc3 Bxc3 23. Ne6 Rfe8 24. Bxd5 Bf7 25. Nf4 Red8 26. Bxf7+ Kxf7 27. Rxd8 Qxd8 28. Qh5+ Kg8 29. Qd5+ Qxd5 30. Nxd5 b5 31. Ne7+ Kf7 32. Nxc8 b4 33. Nd6+ Ke6 34. Ne4 Bb2 35. Rc2 Ba3 36. Nc5+ Kf5 37. Nxa6 Kg4 38. Rc4+ Kf3 39. Kf1 g5 40. Nxb4 1-0